| 000 | 00512cam a2200205ua 4500 | ||
|---|---|---|---|
| 001 | 580 | ||
| 008 | 110409n ii |||gr||||Z||||||eng | ||
| 020 | _a81-7680-004-1 | ||
| 040 | _cMAIN | ||
| 082 | _a320.5 | ||
| 245 | 1 | 1 |
_aRajnaitik tatta. _cBy Jaigeswar Borah. |
| 250 | _a1st. | ||
| 260 |
_aDibrugarh.: _bStudents emporium., _c2002. |
||
| 300 | _axvi, 386 p.:6 cm. | ||
| 653 | _aPolitical science. | ||
| 653 | _aRajnaitik tatta. | ||
| 700 | 1 | _aBorah, Jaigeswar., | |
| 700 | 1 | _aLahon, Thanesar., | |
| 942 | _cBK | ||
| 999 |
_c515 _d515 |
||